| 000 | 01132nam a2200337 a 4500 | ||
|---|---|---|---|
| 001 | vtls000189008 | ||
| 003 | NLI | ||
| 005 | 20210602111625.0 | ||
| 008 | 101125s1992 nyu 001 0 eng | ||
| 020 |
_a0312080581 : _cUSD 26.95 |
||
| 039 | 9 |
_y201011252243 _zVLOAD |
|
| 040 | 0 |
_aNLI _beng _cDatasoft 1 _eAACR2 |
|
| 041 | 0 | _aeng | |
| 044 | _anyu | ||
| 082 | 0 | 4 | _a320.96 |
| 100 | 1 |
_aAyittey, George B. N., _d1945- _9362888 |
|
| 245 | 1 | 0 |
_aAfrica betrayed / _cGeorge B. N. Ayittey |
| 260 |
_aNew York : _bSt. Martin's press, _c1992 |
||
| 300 |
_axx, 412 p. ; _c22 cm. |
||
| 504 | _aIncludes bibliographical references and index | ||
| 650 | 0 |
_aPolitical corruption _zAfrica _9362889 |
|
| 650 | 0 |
_aMilitary government _zAfrica _9362890 |
|
| 650 | 0 |
_aApartheid _zAfrica _9362891 |
|
| 651 | 0 |
_aAfrica _xPolitics and government _y1960- _9216763 |
|
| 887 | _a | ||
| 901 |
_a524160 _b16.03.1995 |
||
| 902 | _aE 320.96 Ay 36 | ||
| 942 |
_2ddc _cBKS |
||
| 949 |
_AVIRTUAITEM _D10000 _X100 _6PUR000524160ENG |
||
| 999 |
_aVIRTUA40 _c192586 _d192586 |
||
| 999 | _aVTLSSORT0080*0200*0400*0410*0440*0820*1000*2450*2600*3000*5040*6500*6501*6502*6510*9010*9020*9490*9991 | ||